[Event "Titled Tuesday intern op 20th May Late"]
[Site "Chess.com INT"]
[Date "2025.05.20"]
[Round "6"]
[White "Tsydypov, Zhamsaran"]
[Black "Wang, Justin Zhide"]
[Result "0-1"]
[WhiteElo "2514"]
[BlackElo "2007"]
[PlyCount "98"]
[EventDate "2025.05.20"]
[EventType "swiss (blitz)"]
[EventRounds "11"]
[EventCountry "USA"]
[SourceTitle "CB22_2025"]
[SourceDate "2025.05.28"]
[SourceVersion "1"]
[SourceVersionDate "2025.05.28"]
[SourceQuality "1"]

1. c4 e6 2. Nf3 b6 3. g3 Bb7 4. Bg2 Nf6 5. 0-0 Be7 6. d4 0-0 7. d5 exd5 8. Nh4 c6 9. cxd5 Nxd5 10. Nf5 Nc7 11. e4 d5 12. Nc3 Bf6 13. Qg4 Bc8 14. exd5 cxd5 15. Rd1 Be6 16. Qf3 Nc6 17. Bf4 Ne5 18. Bxe5 Bxe5 19. Ne3 Bxc3 20. bxc3 Qe7 21. Qf4 Rad8 22. h4 Rfe8 23. h5 h6 24. a4 Qd6 25. Qf3 Qe5 26. Rd4 Na6 27. Rad1 Nc5 28. c4 Nb3 29. Rxd5 Bxd5 30. cxd5 Nc5 31. Qg4 Qg5 32. Qxg5 hxg5 33. Rd4 Re5 34. g4 Nb7 35. Nc4 Re1+ 36. Kh2 Nd6 37. Ne3 Rb1 38. Kg3 Rc8 39. a5 bxa5 40. Ra4 Rc5 41. Bf1 Rb4 42. Ra3 a4 43. Be2 a5 44. Bd1 Nb5 45. Rd3 Rc3 46. Rd2 Nd6 47. Kg2 a3 48. Ra2 Rb2 49. Ra1 Rxe3 0-1

[Event "Titled Tuesday intern op 20th May Late"]
[Site "Chess.com INT"]
[Date "2025.05.20"]
[Round "1"]
[White "Wang, Justin Zhide"]
[Black "Yanev, Tihomir"]
[Result "1-0"]
[WhiteElo "2007"]
[BlackElo "2354"]
[PlyCount "33"]
[EventDate "2025.05.20"]
[EventType "swiss (blitz)"]
[EventRounds "11"]
[EventCountry "USA"]
[SourceTitle "CB22_2025"]
[SourceDate "2025.05.28"]
[SourceVersion "1"]
[SourceVersionDate "2025.05.28"]
[SourceQuality "1"]

1. e4 c5 2. Nf3 d6 3. d4 cxd4 4. Nxd4 Nf6 5. Nc3 a6 6. Bd3 e6 7. f4 Qc7 8. 0-0 Be7 9. Kh1 b5 10. Qe2 Bb7 11. e5 dxe5 12. fxe5 Nd5 13. Bd2 Nd7 14. Rae1 Rf8 15. Be4 Qxe5 16. Bxd5 Qxe2 17. Rxe2 1-0

[Event "Auckland North Shore op"]
[Site "Auckland"]
[Date "2025.05.07"]
[Round "3"]
[White "Liang, Ting"]
[Black "Wang, Justin Zhide"]
[Result "0-1"]
[WhiteElo "1597"]
[BlackElo "2007"]
[PlyCount "66"]
[EventDate "2025.04.16"]
[EventType "swiss"]
[EventRounds "5"]
[EventCountry "NZL"]
[SourceTitle "CB23_2025"]
[SourceDate "2025.06.04"]
[SourceVersion "1"]
[SourceVersionDate "2025.06.04"]
[SourceQuality "1"]

1. d4 Nf6 2. Bf4 e6 3. c4 b6 4. Nc3 Bb4 5. f3 Nh5 6. Bg3 Nxg3 7. hxg3 Qg5 8. Kf2 f5 9. e3 Bb7 10. f4 Qf6 11. Be2 Bxc3 12. bxc3 Nc6 13. Bf3 0-0-0 14. Qa4 Kb8 15. Rb1 d5 16. Be2 h6 17. Nf3 dxc4 18. Bxc4 g5 19. Bb5 Ne7 20. Ne5 gxf4 21. exf4 Rhg8 22. Nd7+ Rxd7 23. Bxd7 Nd5 24. Qc4 Qg7 25. Rh3 Nxf4 26. Rbh1 Nxh3+ 27. Rxh3 Qxd7 28. Rxh6 Qg7 29. Rh3 f4 30. Qxe6 fxg3+ 31. Kg1 Bc8 32. Qh6 Qe7 33. Rxg3 Qe1+ 0-1

[Event "NZL-ch op 132nd"]
[Site "Wellington"]
[Date "2025.01.07"]
[Round "6"]
[White "Wang, Justin Zhide"]
[Black "Van der Hoorn, Thomas"]
[Result "0-1"]
[WhiteElo "1894"]
[BlackElo "1970"]
[PlyCount "76"]
[EventDate "2025.01.02"]
[EventType "swiss"]
[EventRounds "9"]
[EventCountry "NZL"]
[SourceTitle "CB03_2025"]
[SourceDate "2025.01.15"]
[SourceVersion "1"]
[SourceVersionDate "2025.01.15"]
[SourceQuality "1"]

1. d4 d5 2. Nf3 Nf6 3. Bf4 c5 4. e3 cxd4 5. exd4 Nc6 6. c3 e6 7. Bd3 Bd6 8. Bg3 Qc7 9. 0-0 0-0 10. Re1 Nh5 11. Bxd6 Qxd6 12. Ne5 Nf4 13. Bc2 f6 14. Nxc6 bxc6 15. c4 e5 16. c5 Qc7 17. Nc3 e4 18. Ne2 Bg4 19. Qd2 Nxe2+ 20. Rxe2 Bxe2 21. Qxe2 f5 22. b4 Rab8 23. a3 Qe7 24. f4 Qc7 25. g3 a5 26. Rb1 axb4 27. axb4 Qa7 28. Bb3 Rf7 29. Ba2 Qa4 30. b5 Qxd4+ 31. Kg2 Qxc5 32. Qd2 Rxb5 33. Rc1 e3 34. Qd1 Rb2+ 35. Kh1 e2 36. Qe1 Qxc1 37. Qxc1 Rxa2 38. Qe1 Re7 0-1

[Event "NZL-ch op 132nd"]
[Site "Wellington"]
[Date "2025.01.04"]
[Round "3"]
[White "Wang, Justin Zhide"]
[Black "Xu, Jeremy Xi"]
[Result "1-0"]
[WhiteElo "1894"]
[BlackElo "1691"]
[PlyCount "107"]
[EventDate "2025.01.02"]
[EventType "swiss"]
[EventRounds "9"]
[EventCountry "NZL"]
[SourceTitle "CB03_2025"]
[SourceDate "2025.01.15"]
[SourceVersion "1"]
[SourceVersionDate "2025.01.15"]
[SourceQuality "1"]

1. d4 d5 2. Nf3 Nf6 3. Bf4 c5 4. e3 Nc6 5. c3 Bg4 6. Nbd2 e6 7. h3 Bh5 8. Bb5 Qb6 9. Be2 Be7 10. Qb3 Rc8 11. 0-0 0-0 12. Rfe1 h6 13. Ne5 Bxe2 14. Rxe2 Nxe5 15. Bxe5 Nd7 16. Bg3 cxd4 17. exd4 Qxb3 18. axb3 a6 19. b4 Nb6 20. Nb3 Rfd8 21. Nc5 Bxc5 22. bxc5 Nd7 23. b4 Nf6 24. f3 Ne8 25. Rb2 Nc7 26. Bxc7 Rxc7 27. b5 axb5 28. Rxb5 Kf8 29. Ra7 Rdd7 30. Kf2 Ke7 31. Ke3 Kf6 32. Rb6 g6 33. Kd3 Ke7 34. Kc2 Kf6 35. Ra1 Ke7 36. f4 h5 37. Kd3 Kf6 38. Rab1 Kf5 39. Ke3 Kf6 40. Kf3 Kf5 41. g4+ hxg4+ 42. hxg4+ Kf6 43. Re1 Re7 44. Rb2 Rc6 45. Rh1 Kg7 46. Ra2 Rec7 47. Rb1 Rd7 48. Ra8 Kf6 49. Rh1 Ra6 50. g5+ Ke7 51. Rb8 b5 52. Rhh8 Rda7 53. Rbd8 f5 54. Rb8 1-0

[Event "Titled Tuesday intern op 30th Apr Late"]
[Site "Chess.com INT"]
[Date "2024.04.30"]
[Round "5"]
[White "Quintiliano Pinto, Renato Rodrigues"]
[Black "Wang, Justin Zhide"]
[Result "1-0"]
[WhiteElo "2487"]
[BlackElo "1698"]
[PlyCount "83"]
[EventDate "2024.04.30"]
[EventType "swiss (blitz)"]
[EventRounds "11"]
[EventCountry "USA"]
[SourceTitle "EXT 2025"]
[Source "ChessBase"]
[SourceDate "2024.10.14"]
[SourceVersion "1"]
[SourceVersionDate "2024.10.14"]
[SourceQuality "1"]

1. Nf3 Nf6 2. b3 d5 3. Bb2 Bf5 4. g3 e6 5. Bg2 h6 6. 0-0 c5 7. d3 Nc6 8. Ne5 Nxe5 9. Bxe5 Bd6 10. Bb2 0-0 11. Nd2 Bh7 12. e4 dxe4 13. dxe4 Nd7 14. Nc4 Bc7 15. a4 Qe7 16. Qg4 Nf6 17. Qe2 Rab8 18. a5 Rfd8 19. Rad1 b5 20. axb6 axb6 21. e5 Nd5 22. Nd6 Bg6 23. h4 Nb4 24. Be4 Bxe4 25. Nxe4 Nc6 26. f4 b5 27. Rxd8+ Nxd8 28. Rd1 Nc6 29. Nf6+ gxf6 30. exf6 Qf8 31. Rd7 Bb6 32. Qg4+ Kh8 33. Qh5 Nd8 34. Re7 c4+ 35. Kh2 Kh7 36. f5 e5 37. Bxe5 Ra8 38. Qg6+ Kh8 39. Qg7+ Qxg7 40. fxg7+ Kh7 41. Re8 f6 42. g8Q# 1-0

[Event "Titled Tuesday intern op 30th Apr Late"]
[Site "Chess.com INT"]
[Date "2024.04.30"]
[Round "2"]
[White "Wang, Justin Zhide"]
[Black "Aguilar, Andres"]
[Result "1-0"]
[WhiteElo "1698"]
[BlackElo "2258"]
[PlyCount "61"]
[EventDate "2024.04.30"]
[EventType "swiss (blitz)"]
[EventRounds "11"]
[EventCountry "USA"]
[SourceTitle "EXT 2025"]
[Source "ChessBase"]
[SourceDate "2024.10.14"]
[SourceVersion "1"]
[SourceVersionDate "2024.10.14"]
[SourceQuality "1"]

1. e4 e6 2. d4 d5 3. Nc3 Nf6 4. e5 Nfd7 5. f4 c5 6. Nf3 Nc6 7. Be3 a6 8. Ne2 b5 9. a3 Qb6 10. c3 a5 11. g4 h5 12. gxh5 Ba6 13. f5 b4 14. axb4 axb4 15. fxe6 fxe6 16. Nf4 Nd8 17. Bd3 Bxd3 18. Rxa8 Be4 19. 0-0 Be7 20. Nd2 Bf5 21. Nxd5 Qb7 22. Qf3 bxc3 23. Nf6+ gxf6 24. Qxb7 Rg8+ 25. Kf2 cxd2 26. Bxd2 fxe5 27. Ke1 Bg4 28. Qc7 Bh4+ 29. Rf2 exd4 30. Ba5 Bxf2+ 31. Kxf2 1-0

[Event "NZL-ch op 131st"]
[Site "Palmerston North"]
[Date "2024.01.02"]
[Round "1"]
[White "Wang, Justin Zhide"]
[Black "Cilia Vincenti, David"]
[Result "0-1"]
[WhiteElo "1667"]
[BlackElo "1945"]
[PlyCount "68"]
[EventDate "2024.01.02"]
[EventType "swiss"]
[EventRounds "9"]
[EventCountry "NZL"]
[SourceTitle "CBM 218 Extra"]
[Source "ChessBase"]
[SourceDate "2024.03.31"]
[SourceVersion "1"]
[SourceVersionDate "2024.03.31"]
[SourceQuality "1"]

1. e4 e5 2. Nf3 Nc6 3. Bb5 a6 4. Ba4 Nf6 5. d3 b5 6. Bb3 Bc5 7. c3 d6 8. 0-0 h6 9. d4 Bb6 10. a4 Rb8 11. Re1 0-0 12. axb5 axb5 13. Bd5 Bd7 14. Be3 Ng4 15. h3 exd4 16. Bxd4 Nxd4 17. cxd4 Nf6 18. Bb3 Bc6 19. Qc2 Bb7 20. Nbd2 c5 21. dxc5 dxc5 22. Rad1 Qc7 23. Ba2 c4 24. Bb1 g6 25. Re2 Nh5 26. Nf1 Nf4 27. Red2 Nd3 28. Re2 Rfe8 29. Ne1 Bxe4 30. Nxd3 Bxd3 31. Rxe8+ Rxe8 32. Qd2 Re2 33. Qxh6 Rxf2 34. Ne3 Qg3 0-1

[Event "Auckland Trusts op 45th"]
[Site "Auckland"]
[Date "2023.06.05"]
[Round "6"]
[White "Wang, Justin Zhide"]
[Black "Xing, Zerui Ryan"]
[Result "0-1"]
[WhiteElo "1666"]
[BlackElo "1727"]
[PlyCount "130"]
[EventDate "2023.06.03"]
[EventType "swiss"]
[EventRounds "6"]
[EventCountry "NZL"]
[SourceTitle "EXT 2024"]
[Source "ChessBase"]
[SourceDate "2023.10.10"]
[SourceVersion "1"]
[SourceVersionDate "2023.10.10"]
[SourceQuality "1"]

1. e4 e6 2. d4 d5 3. exd5 exd5 4. Bd3 Nc6 5. c3 Bd6 6. Ne2 Qf6 7. Nd2 Bf5 8. Qc2 Bxd3 9. Qxd3 Qg6 10. Qf3 Nge7 11. Ng3 0-0 12. 0-0 f5 13. Nb3 f4 14. Ne2 Qe4 15. Nd2 Qf5 16. Nb3 Ng6 17. Bd2 Nh4 18. Qh3 Qxh3 19. gxh3 Rae8 20. Nec1 Nf3+ 21. Kg2 Nh4+ 22. Kh1 f3 23. Nd3 Rf5 24. Rae1 Ref8 25. Nbc5 Ng2 26. Re6 b6 27. Nd7 Rd8 28. N7e5 Nxe5 29. Nxe5 Bxe5 30. dxe5 Rd7 31. Be3 Kf7 32. Rc6 Rxe5 33. Rg1 Nxe3 34. fxe3 Rxe3 35. Rf1 Ke8 36. b4 Rf7 37. a4 Kd7 38. b5 Rf6 39. Rxf6 gxf6 40. Kg1 Rxc3 41. Rd1 Kd6 42. Kf2 Kc5 43. Kg3 d4 44. Kf2 Ra3 45. Rc1+ Kd6 46. Rc6+ Kd7 47. Rxf6 Rxa4 48. Rxf3 Ra2+ 49. Ke1 Rxh2 50. Rf7+ Kd6 51. Rxh7 Rb2 52. Rh6+ Kc5 53. Rc6+ Kxb5 54. Rxc7 a5 55. Kd1 Rb3 56. Rd7 Kc4 57. Rc7+ Kd3 58. Kc1 Rc3+ 59. Rxc3+ dxc3 60. h4 Ke4 61. Kc2 b5 62. Kxc3 Kf4 63. Kd4 Kg4 64. Kc5 a4 65. Kb4 Kxh4 0-1

[Event "Arie Nijman Memorial"]
[Site "Christchurch"]
[Date "2023.05.20"]
[Round "3"]
[White "McNabb, Matthew David"]
[Black "Wang, Justin Zhide"]
[Result "1-0"]
[WhiteElo "2033"]
[BlackElo "1666"]
[PlyCount "69"]
[EventDate "2023.05.19"]
[EventType "swiss"]
[EventRounds "6"]
[EventCountry "NZL"]
[SourceTitle "EXT 2024"]
[Source "ChessBase"]
[SourceDate "2023.10.10"]
[SourceVersion "1"]
[SourceVersionDate "2023.10.10"]
[SourceQuality "1"]

1. Nf3 e6 2. c4 Nf6 3. Nc3 d5 4. d4 Bb4 5. e3 0-0 6. Qb3 Bxc3+ 7. bxc3 c6 8. cxd5 exd5 9. Bd3 Nbd7 10. 0-0 Re8 11. a4 Ne4 12. c4 Ndf6 13. Ne5 Nd6 14. cxd5 Nxd5 15. Ba3 Re7 16. Nc4 Nxc4 17. Bxe7 Na5 18. Bxd8 Nxb3 19. Ra3 Be6 20. Rxb3 Nxe3 21. Rxb7 Nxf1 22. Bg5 h6 23. Bc1 Nxh2 24. Kxh2 g6 25. Bxh6 Rd8 26. Bg5 Rc8 27. Bf6 Bd5 28. Rxa7 Be6 29. Ba6 Re8 30. Bb7 Bd5 31. a5 Kf8 32. a6 Rb8 33. Ra8 Rxa8 34. Bxa8 Ke8 35. Bb7 1-0

[Event "NZL-ch op-A 130th"]
[Site "Wellington"]
[Date "2023.01.02"]
[Round "1"]
[White "Metge, J Nigel"]
[Black "Wang, Justin Zhide"]
[Result "1-0"]
[WhiteElo "2146"]
[BlackElo "1875"]
[PlyCount "73"]
[EventDate "2023.01.02"]
[EventType "swiss"]
[EventRounds "9"]
[EventCountry "NZL"]
[SourceTitle "EXT 2024"]
[Source "ChessBase"]
[SourceDate "2023.10.10"]
[SourceVersion "1"]
[SourceVersionDate "2023.10.10"]
[SourceQuality "1"]

1. d4 Nf6 2. c4 e6 3. Nc3 Bb4 4. e3 b6 5. Bd3 Bb7 6. Nf3 0-0 7. 0-0 Bxc3 8. bxc3 d6 9. Nd2 Nbd7 10. e4 e5 11. f4 Re8 12. Qf3 exd4 13. cxd4 Qe7 14. Re1 Nf8 15. Bb2 a5 16. Rad1 Qd7 17. h3 Re7 18. g4 Qa4 19. g5 N6d7 20. a3 f6 21. h4 Rae8 22. Qf2 fxg5 23. hxg5 Ne6 24. Qg3 Nef8 25. Rc1 Nb8 26. c5 dxc5 27. dxc5 Ba6 28. Bc2 Qb5 29. Bb3+ Kh8 30. a4 Qd7 31. Nf3 Ng6 32. f5 Nf8 33. f6 gxf6 34. gxf6 Rf7 35. Ng5 Ne6 36. Nxf7+ Qxf7 37. Bxe6 1-0

[Event "Wellington CC-ch op"]
[Site "Wellington"]
[Date "2022.11.24"]
[Round "9"]
[White "Wang, Justin Zhide"]
[Black "Mavaram, Eashan"]
[Result "0-1"]
[WhiteElo "1754"]
[BlackElo "1381"]
[PlyCount "42"]
[EventDate "2022.09.29"]
[EventType "swiss"]
[EventRounds "10"]
[EventCountry "NZL"]
[SourceTitle "EXT 2025"]
[Source "ChessBase"]
[SourceDate "2024.10.14"]
[SourceVersion "1"]
[SourceVersionDate "2024.10.14"]
[SourceQuality "1"]

1. d4 Nf6 2. Bg5 e6 3. e4 Be7 4. e5 Nd5 5. Bxe7 Qxe7 6. Nf3 Qb4+ 7. c3 Qxb2 8. Nbd2 Nxc3 9. Qc1 Qxc1+ 10. Rxc1 Nd5 11. Bc4 Nb6 12. 0-0 0-0 13. Bb3 Nc6 14. Nc4 Nxc4 15. Bxc4 a6 16. d5 exd5 17. Bxd5 h6 18. Rfd1 Re8 19. Nd4 Nxd4 20. Rxd4 Rxe5 21. Rxc7 Re1# 0-1

[Event "South Island-ch"]
[Site "Invercargill"]
[Date "2022.10.06"]
[Round "3"]
[White "Wang, Justin Zhide"]
[Black "Joseph, Ritika"]
[Result "1-0"]
[WhiteElo "1429"]
[BlackElo "1342"]
[PlyCount "123"]
[EventDate "2022.10.05"]
[EventType "swiss"]
[EventRounds "8"]
[EventCountry "NZL"]
[SourceTitle "EXT 2024"]
[Source "ChessBase"]
[SourceDate "2023.10.10"]
[SourceVersion "1"]
[SourceVersionDate "2023.10.10"]
[SourceQuality "1"]

1. e4 e6 2. d4 d5 3. exd5 exd5 4. c3 c5 5. Bb5+ Bd7 6. Bxd7+ Qxd7 7. Nf3 Nf6 8. 0-0 Nc6 9. Re1+ Be7 10. dxc5 0-0 11. Be3 Ne4 12. Nbd2 Nxc5 13. Bxc5 Bxc5 14. Nb3 Bd6 15. Qd2 Rad8 16. Rad1 Qc7 17. h3 Ne5 18. Nxe5 Bxe5 19. Nd4 Bxd4 20. Qxd4 b6 21. Re5 Qc4 22. Rxd5 Rxd5 23. Qxd5 Qe2 24. Qd2 Qe6 25. b3 g6 26. c4 Re8 27. Kf1 Qe5 28. Re1 Qb8 29. Rxe8+ Qxe8 30. Qd5 Qe7 31. Qd2 Qe5 32. f4 Qf6 33. Kg1 Kf8 34. g3 Qf5 35. Kh2 Ke7 36. Kg2 Qe4+ 37. Kf2 Qf5 38. g4 Qc5+ 39. Qe3+ Qxe3+ 40. Kxe3 Kd6 41. Kd4 f6 42. b4 a6 43. c5+ bxc5+ 44. bxc5+ Kc6 45. Kc4 a5 46. a4 h6 47. f5 g5 48. Kd4 Kc7 49. Kd5 Kd7 50. c6+ Kc7 51. Kc5 Kc8 52. Kd6 Kd8 53. Ke6 Kc7 54. Kxf6 Kxc6 55. Ke6 Kc5 56. f6 Kb4 57. f7 Kxa4 58. f8Q Kb5 59. Qb8+ Ka4 60. Kd5 h5 61. Kc4 hxg4 62. Qb3# 1-0

[Event "Wch U10"]
[Site "Batumi"]
[Date "2022.09.27"]
[Round "11"]
[White "Shanidze, Nikoloz"]
[Black "Wang, Justin Zhide"]
[Result "1-0"]
[WhiteElo "1139"]
[BlackElo "1632"]
[PlyCount "127"]
[EventDate "2022.09.16"]
[EventType "swiss"]
[EventRounds "11"]
[EventCountry "GEO"]
[SourceTitle "EXT 2023"]
[Source "ChessBase"]
[SourceDate "2022.10.05"]
[SourceVersion "1"]
[SourceVersionDate "2022.10.05"]
[SourceQuality "1"]

1. d4 e6 2. c4 Nf6 3. Nc3 Bb4 4. e3 b6 5. Bd3 Bb7 6. Nf3 0-0 7. 0-0 Bxc3 8. bxc3 Ne4 9. Qc2 f5 10. Ba3 d6 11. Nd2 Nxd2 12. Qxd2 Rf6 13. f3 Nd7 14. e4 f4 15. Rfe1 e5 16. Qf2 Rg6 17. c5 h5 18. Bc4+ Kh8 19. Bf7 Rh6 20. h4 Qf6 21. Bb3 g5 22. hxg5 Qxg5 23. Kh1 h4 24. Kh2 dxc5 25. dxc5 Nxc5 26. Bxc5 bxc5 27. Rad1 Qg3+ 28. Kg1 Rd6 29. Qxc5 Qg7 30. Rxd6 cxd6 31. Qxd6 h3 32. Re2 Bxe4 33. Qe6 Bh7 34. Qxh3 Rf8 35. Bc2 Re8 36. Qh5 Re7 37. Bxh7 Qxh7 38. Rxe5 Rxe5 39. Qxe5+ Kg8 40. Qe8+ Kg7 41. Qe7+ Kg6 42. Qxh7+ Kxh7 43. Kf2 Kg6 44. g3 Kf5 45. gxf4 Kxf4 46. Ke2 Ke5 47. Ke3 a6 48. c4 a5 49. a4 Kd6 50. Kd4 Ke6 51. Kc5 Ke5 52. Kb5 Kd6 53. Kb6 Kd7 54. c5 Kc8 55. Kc6 Kb8 56. Kd7 Kb7 57. c6+ Ka7 58. c7 Ka6 59. c8Q+ Ka7 60. Kd6 Kb6 61. Qc6+ Ka7 62. Qb5 Ka8 63. Kc6 Ka7 64. Qb7# 1-0